Les hiéroglyphes : du dieu Thot à Champollion /

محفوظ في:

المؤلف الرئيسي: Alphandari, Yves.

التنسيق: كتاب

اللغة: French

منشور في: Paris : Flammarion, 2013.

الطبعة: [Nouv. éd.].

سلاسل: Castor doc.

الموضوعات:

الوسوم: إضافة وسم

لا توجد وسوم, كن أول من يضع وسما على هذه التسجيلة!

رقم الطلب: PJ1097 .A47

LEADER 00780nam a22002417a 4500
003 OSt
005 20251013121744.0
008 251013t2013 fr ab j b 001 0 fre d
020 |a 9782081287020 (br) 
040 |c ARCE Library 
050 1 4 |a PJ1097  |b .A47 
100 1 |a Alphandari, Yves. 
245 1 0 |a Les hiéroglyphes :   |b du dieu Thot à Champollion /   |c Yves Alphandari. 
250 |a [Nouv. éd.]. 
264 1 |a Paris :   |b Flammarion,   |c 2013. 
300 |a 127 p. :   |b ill. (principalement en coul.), cartes en coul. ;   |c 18 cm. 
490 0 |a Castor doc. 
504 |a Bibliogr.: p. 122-123. Lexique. Index. 
650 0 |a Egyptian (Language) -- Hieroglyphic writing. 
650 0 |a Hieroglyphics -- Books for young people. 
901 |a reviewed 
942 |2 lcc  |c BK 
999 |c 49477  |d 49477